| 000 | 00532nam a2200193Ia 4500 | ||
|---|---|---|---|
| 005 | 20250508164802.0 | ||
| 008 | 008 250505s9999 xx 000 0 eng d | ||
| 037 | _aReference | ||
| 040 |
_aFEDL _beng _cFEDL |
||
| 041 |
_aeng _2eng |
||
| 084 |
_a900, BAN/RR _qFEDL |
||
| 100 |
_aBanerjee Sachhidanada _9779163 |
||
| 245 | 0 | _aISC history : For class 12 | |
| 260 |
_aLudhiana, India _bKalyani Publishers _c2006 |
||
| 300 | _a235p. | ||
| 365 |
_aINR _b125 |
||
| 942 |
_cREF _h900, BAN/RR |
||
| 999 |
_c1391156 _d1391156 |
||